000
00287nam a2200121Ia 4500
008
220204s9999 xx 000 0 und d
082
_a
336.7(540)
_b
GHO
100
_a
GHOSH, D N
245
0
_a
Banking policy in India
260
_a
Bombay
_b
Allied
_c
1979
650
_a
Banking
942
_c
BK
999
_c
34761
_d
34761